|
|
|
|
| LEADER |
00000nab a2200000 4500 |
| 001 |
vtls011904759 |
| 003 |
SK-MaSNL |
| 005 |
20260303095215.0 |
| 008 |
191203|20191203xo |||| || ||00 0|slo |
| 015 |
|
|
|a SNBRB2019/12
|
| 040 |
|
|
|a DSZK
|b slo
|c DSZK
|e rda
|
| 041 |
0 |
|
|a slo
|
| 043 |
|
|
|a e-xo---
|
| 044 |
|
|
|a xo
|c SK
|
| 072 |
|
7 |
|a 796
|x Šport. Hry. Telesné cvičenia
|2 konspekt
|
| 080 |
|
|
|a 796.386
|x (437.612)
|2 2011
|
| 245 |
0 |
0 |
|a Vydrany kraľujú v lige
|b pokračovali najnovšie domáce stolnotenisové súťaže
|
| 300 |
|
|
|b Fotografie
|
| 336 |
|
|
|a text
|b txt
|2 rdacontent
|
| 337 |
|
|
|a bez média
|b n
|2 rdamedia
|
| 338 |
|
|
|a zväzok
|b nc
|2 rdacarrier
|
| 610 |
2 |
7 |
|a Stolnotenisový klub SK (Vydrany, Slovensko)
|2 dszk
|9 1086634
|
| 650 |
0 |
7 |
|a stolný tenis
|2 SNKPH
|9 25562
|
| 651 |
|
7 |
|a Vydrany (Slovensko)
|2 SNKPHgeo
|9 69676
|
| 773 |
0 |
|
|t Šport
|g Roč. 73, č. 281 (3.12.2019), s. 16
|x 0139-7001
|
| 958 |
|
|
|a SK
|
| 958 |
|
|
|a RG
|
| 999 |
|
|
|c 1824183
|d 1826113
|